Marcatori della Spagna ai Mondiali - Corea del Sud-Giappone 2002 - Statistics

Statistiche generali
  • Questo quiz è stato fatto 3 volte
  • Il punteggio medio è 6 su 10
Statistiche sulle risposte
Partita Minuto Marcatore % Corretto
Spagna - Slovenia 3-1 44' Raul
100%
Sudafrica - Spagna 2-3 4' Raul
100%
Sudafrica - Spagna 2-3 56' Raul
100%
Spagna - Slovenia 3-1 87' Fernando Hierro
67%
Spagna - Paraguay 3-1 83' Fernando Hierro
67%
Spagna - Paraguay 3-1 53' Fernando Morientes
33%
Spagna - Paraguay 3-1 69' Fernando Morientes
33%
Spagna - Irlanda 4-3 (d.c.r.) 8' Fernando Morientes
33%
Sudafrica - Spagna 2-3 46' Gaizka Mendieta
33%
Spagna - Slovenia 3-1 74' Juan Carlos Valerón
0%
Nessun quiz corrispondente trovato
Distribuzione punteggi
Percentuale di utenti per punteggio
Percentile per numero di risposta
I tuoi punteggi nel tempo
Non hai fatto questo quiz